| 000 | 01521nam a2200349 a 4500 | ||
|---|---|---|---|
| 001 | 0000380 | ||
| 003 | DO-SdBNP | ||
| 005 | 20180306120855.0 | ||
| 007 | 0000380 | ||
| 008 | 150817s201u abc spa d | ||
| 020 | _a9945400363 | ||
| 040 |
_aBPMSU _bspa _cBPMSU |
||
| 092 |
_a373.83 _bH557h, 2do. [20--] |
||
| 100 | 1 | _aHernández, Ricardo | |
| 245 | 1 | 0 |
_aHistoria y geografía de América / _b[segundo grado del nível medio] _cRicardo Hernández, Alejandro Hernández Grullón ; ilustración Ramón Sandoval |
| 260 |
_aSanto Domingo : _bActualidad escolar 2000, _c[20--]. |
||
| 300 |
_a207 p : _bil. mapa, retrs.; _c28 cm. |
||
| 500 | _aIncluye guía metodológica. | ||
| 504 | _aBibliografía p: 207 | ||
| 505 | 1 |
_tCulturas clásicas, americanas y caribeñas -- _tLlegada de los europeos al continente americano -- _tAmérica lucha por su independencia -- _tSituación económica, política y social en América Latina durante el siglo XX -- _tCaracterísticas geofísicas y espaciales de América -- |
|
| 650 | 4 |
_aCIENCIAS SOCIALES _xENSEÑANZA SECUNDARIA |
|
| 650 | 4 |
_aEDUCACIÓN SECUNDARIA _zREPÚBLICA DOMINICANA |
|
| 650 |
_aCIENCIAS SOCIALES _xLIBROS DE TEXTOS |
||
| 650 | 4 |
_aCIENCIAS SOCIALES _xESTUDIOS Y EJERCICIOS |
|
| 650 | 4 |
_aCIENCIAS SOCIALES _xEDUCACIÓN SECUNDARIA |
|
| 700 | 1 | _aHernández Grullón, Alejandro | |
| 700 | 1 |
_aSandoval, Ramón _eil. |
|
| 910 | _aValidado. Control de calidad MFF | ||
| 942 |
_2ddc _cBK |
||
| 945 | _aInventariado / 2018 VM | ||
| 956 |
_aYngrid Lockward _b10 |
||
| 999 |
_c10076 _d10076 |
||